Automatizovaný systém programovania CNC vý-robného stroja (Automatic system of a CNC production machine programming) [CD-ROM] : Diplomová práca

Gespeichert in:
Bibliographische Detailangaben
1. Verfasser: Dobrodenka, Martin, 1982- (Verfasst von)
Weitere Verfasser: Králik, Marián, 1953- (xxx), Olšovský, Viktor (Gegnerische Seite)
Format: Manuskript Buch
Sprache:Slowakisch
Veröffentlicht: Bratislava : STU v Bratislave SjF, 2008
Ausgabe:1.vyd.
Schlagworte:
Tags: Tag hinzufügen
Keine Tags, Fügen Sie das erste Tag hinzu!

MARC

LEADER 00000ntm a22000003a 4500
001 stu176081
005 20150617225608.8
008 081124s2008----xo------------------slo-d
040 |a STU  |b slo 
041 0 |a slo 
044 |a xo 
100 1 |a Dobrodenka, Martin,  |d 1982-  |4 aut  |u J0070  |9 100  |U SjF Strojnícka fakulta  |T SjF Ústav výrobných systémov, enviromentálnej techniky a manažment kvality  |X 13842  |U J0070  |Y 804  |7 A000013842 
245 1 |a Automatizovaný systém programovania CNC vý-robného stroja (Automatic system of a CNC production machine programming) [CD-ROM] :  |b Diplomová práca 
250 |a 1.vyd. 
260 |a Bratislava :  |b STU v Bratislave SjF,  |c 2008 
300 |a 60 s 
650 7 |a Unigraphics  |2 stusub 
650 7 |a CATIA V5  |2 stusub 
650 7 |a postprocesor generalizovaný  |2 stusub 
650 7 |a Post builder  |2 estusub 
700 1 |a Králik, Marián,  |d 1953-  |4 xxx  |u J0070  |U SjF Strojnícka fakulta  |T SjF Ústav výrobných systémov, enviromentálnej techniky a manažment kvality  |X 2483  |U J0070  |Y 804  |7 A000002483 
700 1 |a Olšovský, Viktor  |4 opn 
996 |b 284J035039  |c J*39/DP  |l JJSK  |s A  |a 24  |w stu176081_0001